LEADER 01000nam a2200253 i 4500 001 000000159575 003 CaOOAMICUS 005 20070228000000.0 008 070228s1983 it u000 u ita u 013 $a136938 040 $aSeMil$bita 100 1 $aBuzzi, Giancarlo,$d<1929-2015>.$0(OLS)http://semarc/name/17465 245 10$aGiuseppina Bonaparte :$bla creola dell'imperatore /$cGiancarlo Buzzi. 260 $aMilano :$bRusconi,$c1983. 300 $a437 p., [12] p. di tav. ;$c22 cm. 490 0 $aLe vite 500 $aContiene : Avvertenza e nota bibliografica. - Fondo Card. Giovanni Colombo. 830 3$aLe vite.$0(OLS)http://semarc/title/7309 850 $aSeMil 852 $aSeMil$W1$xVenegono$y1$m1O II 103$j111132$B111132$CSeMilBibl$Z2$F120741 $81 941 1 $a3 961 $aLascito: Colombo Card. Giovanni 996 $6245$aGiuseppina Bonaparte :$bla creola dell'imperatore$9(OLS)http://semarc/title/141702 996 $6260$aMilano :$bRusconi$9(OLS)http://semarc/publisher/30258 LEADER 00940nam a2200253 i 4500 001 000000129624 003 CaOOAMICUS 005 20240402142312.0 008 070703s1965 it u000 u ita u 013 $a102357 040 $aSeMil$bita 100 1 $aVandromme, Pol.$0(OLS)http://semarc/name/52219 245 10$aPierre Drieu La Rochelle /$cPol Vandromme. 260 $aTorino :$bBorla,$c1965. 300 $a159 p. ;$c19 cm. 490 0 $aScrittori del Secolo ;$v21 600 14$aDrieu La Rochelle, Pierre <1893-1945>.$0(OLS)http://semarc/subject/25626 830 0$aScrittori del Secolo ;$v21.$0(OLS)http://semarc/title/10418 850 $aSeMil 852 $aSeMil$W1$xVenegono$y1$m1R I 130$j247273$B83737$CSeMilBibl$Z2$F124733 $81 961 $aRecupero: Altro 996 $6245$aPierre Drieu La Rochelle$9(OLS)http://semarc/title/191265 996 $6260$aTorino :$bBorla$9(OLS)http://semarc/publisher/29913